LEADER 00976nam a2200229 4500 001 000000343328 003 CaOOAMICUS 005 20201210000000.0 008 201210s1955 it 001 u ita r 040 $aSeMil$bita 100 1 $aCotel, Pierre.$0(OLS)http://semarc/name/54401 245 10$aCatechismo dei voti :$bad uso delle persone consacrate a Dio nello Stato religioso / $cP. Pietro Cotel sj. 250 $a8. Edizione 264 1$aTorino :$bMarietti,$c1955. 300 $a112 p. ;$c15 cm 650 4$aVita religiosa - Spiritualitą.$0(OLS)http://semarc/subject/1528 850 $aSeMil 852 $aSeMil$W1$xVenegono$y1$m5D XII 28/37$j223319$B234326$CSeMilBibl$Z2$F234326 $81 961 $aTimbro della Biblioteca Fratelli Oblati 996 $6245$aCatechismo dei voti :$bad uso delle persone consacrate a Dio nello Stato religioso / $9(OLS)http://semarc/title/432295 996 $6264$aTorino :$bMarietti$9(OLS)http://semarc/publisher/29916 LEADER 01412nam a2200253 i 4500 001 000000193632 003 CaOOAMICUS 005 20250922102920.0 008 101026s1899 it u000 u ita u 013 $a172275 040 $aSeMil$bita 100 1 $aFerrari, Andrea Carlo,$c.$0(OLS)http://semarc/name/8218 245 10$aAlle Reverende Religiose dell'Arcidiocesi di Milano per l'Anno Santo. 260 $aMilano :$bTip. arciv. Boniardi-Pogliani di C. Mauri e C.,$c1899. 300 $a10 p. ;$c27 cm. 500 $aRilegato insieme ad altre lettere pastorali nel vol. con segnatura 2F-V-25 FA. 500 $aStemma dell'Arcivescovo A. Ferrari sul front. 650 4$aFerrari, Andrea Carlo - Scritti, discorsi, omelie, lettere pastorali, etc.$0(OLS)http://semarc/subject/37544 773 0 $aFerrari, Andrea Carlo $t[Lettere pastorali] 49-77 (1898-1901).$dMilano : Tip. e libreria arcivivescovile Ditta Boniardi-Pogliani di G. Giovanola e C., 1898-1901.$g61$w()23899 850 $aSeMil 852 $aSeMil$W1$xVenegono$y1$m2F V 25/16 FA$j144206$B144206$CSeMilBibl$Z2$F155647 $8I 996 $6245$aAlle Reverende Religiose dell'Arcidiocesi di Milano per l'Anno Santo$9(OLS)http://semarc/title/279174 996 $6260$aMilano :$bTip. arciv. Boniardi-Pogliani di C. Mauri e C.$9(OLS)http://semarc/publisher/50491